| 000 | 00416nam a22001457a 4500 | ||
|---|---|---|---|
| 005 | 20170828144153.0 | ||
| 020 |
_a8176482951 _c00.00 |
||
| 035 | _aB-058557 | ||
| 037 |
_aDPL _bENG |
||
| 100 | _aReddy, L.R. | ||
| 245 |
_aThe worst of global terrorism / _cby L.R. Reddy |
||
| 260 |
_aNew Delhi _bA.P.H. Publishing Corporation _c2002 |
||
| 300 |
_av, 457p. _c22 cms. |
||
| 942 |
_2ddc _cEN _h303.625 _mRED |
||
| 999 |
_c65027 _d65027 |
||